000 00368nam a22001457a 4500
999 _c193503
_d193503
008 221101b ||||| |||| 00| 0 eng d
082 _aS-PAN
100 _aPANADIKAR
245 _aTHE BRIDGE AT BORIM
_hENGLISH
260 _aNEW DELHI
_bA.I.C.B
_cROHINI
270 _aA.I.C.B,ROHINI NEW DELHI
300 _a.
_b.
_c12X13
490 _v1
942 _2ddc
_cBRLEN
_kS
_mPAN